|
|
|
|
| LEADER |
00000nam0a2200000 4500 |
| 001 |
48446 |
| 005 |
20231031031713.0 |
| 035 |
|
|
|a (RuTPU)RU\TPU\book\50743
|
| 090 |
|
|
|a 48446
|
| 100 |
|
|
|a 20030318d1985 k y0rusy50 ca
|
| 101 |
1 |
|
|a rus
|c ger
|
| 102 |
|
|
|a RU
|
| 105 |
|
|
|a y z 001zy
|
| 200 |
1 |
|
|a Автоматизация проектирования технологических процессов в машиностроении
|e пер. с нем.
|f В. С. Корсаков, Н. М. Капустин, К.- Х. Темпельгоф, Х. Лихтенберг
|g Под ред. Н. М. Капустина
|
| 210 |
|
|
|a Москва
|c Машиностроение
|d 1985
|
| 215 |
|
|
|a 304 с.
|
| 320 |
|
|
|a Библиогр. в конце глав
|
| 610 |
1 |
|
|a машиностроение
|
| 610 |
1 |
|
|a технологическое проектирование
|
| 610 |
1 |
|
|a автоматизация
|
| 675 |
|
|
|a 621.001.2
|v 3
|
| 701 |
|
1 |
|a Корсаков
|b В. С.
|g Владимир Сергеевич
|
| 701 |
|
1 |
|a Капустин
|b Н. М.
|g Николай Михайлович
|
| 701 |
|
1 |
|a Темпельгоф
|b К.- Х.
|g Карл-Хейнц
|
| 701 |
|
1 |
|a Лихтенберг
|b Х.
|g Хорст
|
| 702 |
|
1 |
|a Капустин
|b Н. М.
|g Николай Михайлович
|4 340
|
| 801 |
|
1 |
|a RU
|b 63413507
|c 20030318
|g PSBO
|
| 801 |
|
2 |
|a RU
|b 63413507
|c 20150307
|g PSBO
|
| 942 |
|
|
|c BK
|